000 00559nam a22001937a 4500
003 OSt
005 20180924192705.0
008 180924b xxu||||| |||| 00| 0 eng d
020 _a9781907568527
040 _cDNLM
082 _aQV744 R812p 2011
100 _aRoy, Jiben
_912677
245 _aAn Introduction to Pharmaceutical Science: production, chemistry, techniques and technology
260 _aOxford; Biohealthcare, 2011
300 _axlii,404p; ill: 24cm
504 _aIndex included
650 _aPharmaceutical science
_99273
942 _2z
_cSLOAN
999 _c6133
_d6133